00722nam a2200205 a 450000100100000000500170001000800410002702000180006804000250008608200150011110000360012624500300016226000360019230000210022849000270024950000760027683000340035295201130038699900170049900004137420201002034831.0131001s1999 sp 000 0 spa d a9788484034261 aDO-SdBNPbspacBNPHU axxxxbxxxx1 aMoro, Tomásd1478-153596802610aUtopía /cTomás Moro. aMadrid :bEdimat libros,c1999. a158 p. :b20 cm.1 aClásicos selección aIncluye datos biográficos del autor en la solapa de la contracubierta 0aClásicos selección968027 001050718MOaGRbGRcHDd2013-10-01iLF1l0oxxxx xxxxp41374-10r2020-06-25w2020-06-25y1ZNo se presta c40864d40864